书目信息 |
| 题名: |
钳工工艺学
|
|
| 作者: | ;劳动部 组织编写 | |
| 分册: | ||
| 出版信息: | 北京 中国劳动出版社 1996 |
|
| 页数: | 289页 | |
| 开本: | 26cm | |
| 丛书名: | ||
| 单 册: | ||
| 中图分类: | TG9-43 | |
| 科图分类: | ||
| 主题词: | 钳工--工艺学--技工学校--教材 | |
| 电子资源: | ||
| ISBN: | 7-5045-1816-6 | |
| 000 | 00727nam0 2200241 450 | |
| 001 | 0100613270 | |
| 005 | 20101129134908.0 | |
| 010 | @a7-5045-1816-6@dCNY14.90 | |
| 011 | @a7-5045-1816-6 | |
| 100 | @a20021005d1996 em y0chiy0110 ea | |
| 101 | 0 | @achi |
| 102 | @aCN@b110000 | |
| 105 | @ay z 000yy | |
| 106 | @ar | |
| 200 | 1 | @a钳工工艺学@9Qian Gong Gong Yi Xue @e'96新版@f劳动部教材办公室组织编写@b专著 |
| 210 | @a北京@c中国劳动出版社@d1996 | |
| 215 | @a289页@d26cm | |
| 300 | @a全国技工学校机械类通用教材 | |
| 606 | 0 | @a钳工@x工艺学@x技工学校@x教材 |
| 690 | @aTG9-43@v3 | |
| 711 | 02 | @a劳动部@b教材办公室@9lao dong bu jiao cai ban gong shi@4组织编写 |
| 801 | 0 | @aCN@bAiZhiMarc |
| 905 | @aBZT@dTG9-43@e2@f2@sTG9-43/2 | |
| 钳工工艺学:'96新版/劳动部教材办公室组织编写.-北京:中国劳动出版社,1996 |
| 289页;26cm |
| 全国技工学校机械类通用教材 |
| ISBN 7-5045-1816-6:CNY14.90 |
| ● |
| 相关链接 |
|
|
|
正题名:钳工工艺学
索取号:TG9-43/2
 
预约/预借
| 序号 | 登录号 | 条形码 | 馆藏地/架位号 | 状态 | 备注 |
| 1 | 2000060899 | 2000060899 | 旧书回溯/ [索取号:TG9-43/2] | 在馆 | |
| 2 | 2000060900 | 2000060900 | 旧书回溯/ [索取号:TG9-43/2] | 在馆 |